Bàn về ủy ban thường vụ Quốc hội /
Na minha lista:
| Autor principal: | |
|---|---|
| Formato: | Artigo |
| Idioma: | Vietnamese |
| Assuntos: | |
| Tags: |
Adicionar Tag
Sem tags, seja o primeiro a adicionar uma tag!
|
| Thư viện lưu trữ: | Thư viện Trường Đại học Đà Lạt |
|---|
| LEADER | 00815nam a2200265 4500 | ||
|---|---|---|---|
| 001 | DLU130145548 | ||
| 005 | ##20130227 | ||
| 040 | # | # | |a DLU |b vie |
| 041 | # | # | |a vie |
| 044 | # | # | |a vn |
| 100 | # | # | |a Nguyễn Đăng Dung, |c PGS.TS. |
| 245 | # | # | |a Bàn về ủy ban thường vụ Quốc hội / |c Nguyễn Đăng Dung. |
| 653 | # | # | |a Bộ máy nhà nước |
| 653 | # | # | |a Nhiệm vụ |
| 653 | # | # | |a Quyền hạn |
| 773 | # | # | |t Tạp chí Khoa học Kinh tế - Luật (Đại học Quốc gia Hà Nội) |g Số 2(19), 2003, tr. 15-22 |
| 920 | # | # | |a Phòng Tạp chí -- Trung tâm Thông tin - Thư viện Trường Đại học Đà Lạt |
| 994 | # | # | |a DLU |
| 900 | # | # | |a True |
| 911 | # | # | |a Nguyễn Thị Linh Chi |
| 925 | # | # | |a G |
| 926 | # | # | |a A |
| 927 | # | # | |a BB |
| 980 | # | # | |a Thư viện Trường Đại học Đà Lạt |